书目信息 |
| 题名: |
学校图书馆工作
|
|
| 作者: | 王启福 , 周守忠 , 邓品山 编 | |
| 分册: | ||
| 出版信息: | 长沙 湖南教育出版社 1986 |
|
| 页数: | 216页 | |
| 开本: | 19cm | |
| 丛书名: | ||
| 单 册: | ||
| 中图分类: | G258.6 | |
| 科图分类: | ||
| 主题词: | 学校图书馆-图书馆工作 , 图书馆工作-学校图书馆 | |
| 电子资源: | ||
| ISBN: | ||
| 000 | 00727nam0 2200265 45 | |
| 001 | 0186018778 | |
| 005 | 20060808175337.23 | |
| 010 | @dCNY0.90 | |
| 091 | @aCN@b7284.622 | |
| 100 | @a19900726d1986 k y0chiy0121 ea | |
| 101 | 0 | @achi |
| 102 | @aCN@b430000 | |
| 105 | @ay z 000yy | |
| 200 | 10 | @a学校图书馆工作@Axue xiao tu shu guan gong zuo@f王启福等编 |
| 210 | @a长沙@c湖南教育出版社@d1986 | |
| 215 | @a216页@d19cm | |
| 606 | @a学校图书馆-图书馆工作 | |
| 606 | @a图书馆工作-学校图书馆 | |
| 690 | @aG258.6@v3 | |
| 701 | 0 | @a王启福@Awang qi fu@4编 |
| 701 | 0 | @a周守忠@Azhou shou zhong@4编 |
| 701 | 0 | @a邓品山@Adeng pin shan@4编 |
| 801 | 2 | @aCN@bNLC@c20060808 |
| 801 | 0 | @aCN@bTSSF |
| 905 | @a10447@dG258.6@e20 | |
| 学校图书馆工作/王启福等编.-长沙:湖南教育出版社,1986 |
| 216页;19cm |
| ISBN :CNY0.90 |
| ● |
| 相关链接 |
|
|
|
|
正题名:学校图书馆工作
索取号:G258.6/20
 
预约/预借
| 序号 | 登录号 | 条形码 | 馆藏地/架位号 | 状态 | 备注 |
| 1 | 0447619 | 204476192 | 密集书库/ [索取号:G258.6/20] | 在馆 | |
| 2 | 0447620 | 204476209 | 密集书库/ [索取号:G258.6/20] | 在馆 | |
| 3 | 0447621 | 204476218 | 密集书库/ [索取号:G258.6/20] | 在馆 |